000 00326nam a2200157Ia 4500
100 _aJangam// Patil.
490 _v2
942 _cBK
654 _amathematics II
245 _aApplied Mathematics-II
260 _bNandu Pub
_aMumbai
_c1997
082 _a519
_bJAN/PAT
300 _a254
546 _aENGLISH
999 _c32939
_d32939